• 首页
  • 本馆介绍
  • 公告通知
  • 最新文献
  • 馆藏检索
  • 电子资源
  • 读者导购
  • 参考咨询
  • 我的图书馆
  • 登录
  • 详细信息显示
  • 放入我的书架
  • 预约/预借图书
  • 作者相关作品
  • 分类相关作品
  • 丛书相关作品
  • 出版社相关作品

书目信息

  • 表格格式
  • 工作单格式
  • 卡片格式
题名:
城市轨道交通车辆机械构造与检修
    
 
作者: 刘柱军 , 吕娜 , 单晓涛 主编
分册:  
出版信息: 北京   中国建材工业出版社  2019.12
页数: 249页
开本: 26cm
丛书名:
单 册:
中图分类: U239.5
科图分类:
主题词: 城市铁路--cheng shi tie lu--铁路车辆--车体结构 , 城市铁路--cheng shi tie lu--铁路车辆--车辆检修
电子资源:
ISBN: 978-7-5160-2692-2
000 01125nam0 2200277 450
001 CAL 0120202946545
005 20230217093111.0
010    @a978-7-5160-2692-2@dCNY75.00
100    @a20200409d2019 em y0chiy0120 ea
101 0  @achi
102    @aCN@b110000
105    @aa a 000yy
106    @ar
200 1  @a城市轨道交通车辆机械构造与检修@Acheng shi gui dao jiao tong che liang ji xie gou zao yu jian xiu@f主编刘柱军, 吕娜, 单晓涛
210    @a北京@c中国建材工业出版社@d2019.12
215    @a249页@c图@d26cm
320    @a有书目
330    @a本书编写内容上注重理论和实操相结合, 将城轨车辆构造和城轨车辆检修合二为一, 以应用为目的, 以必需、够用为度, 围绕提升职业能力的形式组织课程内容。教材以项目为中心整合相应的知识和技能, 充分体现工学结合、校企合作的理念, 实现课程改革的宗旨。
606 0  @a城市铁路@Acheng shi tie lu@x铁路车辆@x车体结构
606 0  @a城市铁路@Acheng shi tie lu@x铁路车辆@x车辆检修
690    @aU239.5@v5
701  0 @a刘柱军@Aliu zhu jun@4主编
701  0 @a吕娜@Alu^ na@4主编
701  0 @a单晓涛@Ashan xiao tao@4主编
801  0 @aCN@bBJXHZP@c20230222
905    @b1394246-9@dU239.5@e1108@f4
    
    城市轨道交通车辆机械构造与检修/主编刘柱军, 吕娜, 单晓涛.-北京:中国建材工业出版社,2019.12
    249页:图;26cm
    
    
    ISBN 978-7-5160-2692-2:CNY75.00
    本书编写内容上注重理论和实操相结合, 将城轨车辆构造和城轨车辆检修合二为一, 以应用为目的, 以必需、够用为度, 围绕提升职业能力的形式组织课程内容。教材以项目为中心整合相应的知识和技能, 充分体现工学结合、校企合作的理念, 实现课程改革的宗旨。
●
相关链接 在E读中查询图书 在五车中查询图书 在当当中查询图书 在豆瓣中查询图书


正题名:城市轨道交通车辆机械构造与检修     索取号:U239.5/1108         预约/预借

序号 登录号 条形码 馆藏地/架位号 状态 备注
1 1394246   213942466   第二样本阅览室/ [索取号:U239.5/1108] 在馆    
2 1394247   213942475   第三借阅区/ [索取号:U239.5/1108] 在馆    
3 1394248   213942484   第三借阅区/ [索取号:U239.5/1108] 在馆    
4 1394249   213942493   第三借阅区/ [索取号:U239.5/1108] 在馆    
唐山师范学院图书馆 欢迎您!
大连网信软件有限公司© 版权所有